| 000 | 00856nam a2200277 a 4500 | ||
|---|---|---|---|
| 001 | 2825981 | ||
| 003 | NUST - PNEC | ||
| 005 | 20170116181102.0 | ||
| 008 | 831104s1985 ilua b 001 0 eng | ||
| 010 | _a 83082967 | ||
| 020 | _a0256030324 | ||
| 040 |
_aDLC _cLIBRARY _dDLC |
||
| 050 | 0 | 0 |
_aTS155 _b.H377 1985 |
| 082 | 0 | 0 |
_a658.5 MOO _219 |
| 100 | 1 | _aHendrick, Thomas E. | |
| 245 | 1 | 0 |
_aProduction/operations management / _cThomas E. Hendrick, Franklin G. Moore. |
| 250 | _a9th ed. | ||
| 260 |
_aHomewood, Ill. : _bR.D. Irwin, _c1985. |
||
| 300 |
_axvii, 693 p. : _bill. (some col.) ; _c25 cm. |
||
| 500 | _aIncludes index. | ||
| 504 | _aBibliography: p. 673-679. | ||
| 650 |
_912460 _bManagement information management _xMIS |
||
| 700 | 1 |
_aMoore, Franklin G., _d1905- |
|
| 906 |
_a7 _bcbc _corignew _d2 _eopcn _f19 _gy-gencatlg |
||
| 942 |
_2ddc _cBK |
||
| 999 |
_c68816 _d68816 |
||